Countries revising their constitutions / (Record no. 1543)

MARC details
000 -LEADER
fixed length control field 02021cam a2200457 i 4500
001 - CONTROL NUMBER
control field data
005 - DATE AND TIME OF LATEST TRANSACTION
control field 20260322212105.0
006 - FIXED-LENGTH DATA ELEMENTS--ADDITIONAL MATERIAL CHARACTERISTICS
fixed length control field data
007 - PHYSICAL DESCRIPTION FIXED FIELD--GENERAL INFORMATION
fixed length control field data
008 - FIXED-LENGTH DATA ELEMENTS--GENERAL INFORMATION
fixed length control field data
035 ## - SYSTEM CONTROL NUMBER
System control number 21965842
010 ## - LIBRARY OF CONGRESS CONTROL NUMBER
LC control number 2019669753
035 ## - SYSTEM CONTROL NUMBER
System control number (OCoLC)1290665110
040 ## - CATALOGING SOURCE
Original cataloging agency DLC
Language of cataloging eng
Description conventions pn
-- pn
Transcribing agency GPO
Modifying agency DLC
-- OCLCF
-- OCLCO
-- DLC
042 ## - AUTHENTICATION CODE
Authentication code pcc
074 ## - GPO ITEM NUMBER
GPO item number 0818-J-06 (online)
086 0# - GOVERNMENT DOCUMENT CLASSIFICATION NUMBER
Classification number LC 42.20:C 76/24
088 ## - REPORT NUMBER
Report number LRA-D-PUB-000574
100 1# - MAIN ENTRY--PERSONAL NAME
Personal name Johnson, Constance A.,
Relator term compiler.
245 10 - TITLE STATEMENT
Title Countries revising their constitutions /
Statement of responsibility, etc. compiled by Constance A. Johnson
264 #1 - PRODUCTION, PUBLICATION, DISTRIBUTION, MANUFACTURE, AND COPYRIGHT NOTICE
Place of production, publication, distribution, manufacture [Washington, D.C.] :
Name of producer, publisher, distributor, manufacturer The Law Library of Congress, Global Legal Research Directorate,
Date of production, publication, distribution, manufacture, or copyright notice 2012.
300 ## - PHYSICAL DESCRIPTION
Extent 1 online resource (17 pages)
336 ## - CONTENT TYPE
Content type term text
Content type code txt
Source rdacontent
337 ## - MEDIA TYPE
Media type term computer
Media type code c
Source rdamedia
338 ## - CARRIER TYPE
Carrier type term online resource
Carrier type code cr
Source rdacarrier
500 ## - GENERAL NOTE
General note "Australia, Austria, Belgium, Brazil, Burma (Myanmar), Chile, Colombia, Costa Rica, Fiji, France, Germany, Guatemala, Honduras, Hungary, Iceland, India, Ireland, Italy, Latvia, Mexico, Moldova, Mozambique, Nepal, Netherlands, New Zealand, Panama, Philippines, Portugal, Switzerland, Tajikistan, Turkey, Ukraine, United Kingdom, Uzbekistan, Vietnam."
500 ## - GENERAL NOTE
General note "January 2012."
500 ## - GENERAL NOTE
General note "LL file no. 2012-007071."
500 ## - GENERAL NOTE
General note "LRA-D-PUB-000574."
504 ## - BIBLIOGRAPHY, ETC. NOTE
Bibliography, etc. note Includes bibliographical references (pages 12-17).
588 ## - SOURCE OF DESCRIPTION NOTE
Source of description note Description based on online resource; title from PDF cover (Law Library of Congress, viewed Dec. 30, 2021).
650 #0 - SUBJECT ADDED ENTRY--TOPICAL TERM
Topical term or geographic name entry element Constitutional law.
650 #7 - SUBJECT ADDED ENTRY--TOPICAL TERM
Topical term or geographic name entry element Constitutional law.
Source of heading or term fast
Authority record control number or standard number (OCoLC)fst00875797
710 2# - ADDED ENTRY--CORPORATE NAME
Corporate name or jurisdiction name as entry element Law Library of Congress (U.S.).
Subordinate unit Global Legal Research Directorate,
Relator term issuing body.
856 40 - ELECTRONIC LOCATION AND ACCESS
Path llglrd
Electronic name 2019669753
Uniform Resource Identifier <a href="https://hdl.loc.gov/loc.law/llglrd.2019669753">https://hdl.loc.gov/loc.law/llglrd.2019669753</a>
856 40 - ELECTRONIC LOCATION AND ACCESS
Uniform Resource Identifier <a href="https://purl.fdlp.gov/GPO/gpo160741">https://purl.fdlp.gov/GPO/gpo160741</a>
Access status 0
906 ## - LOCAL DATA ELEMENT F, LDF (RLIN)
a 0
b ibc
c orignew
d u
e ncip
f 20
g y-gencatlg
985 ## -
-- ll/glrd/dpub
-- batch6
991 ## -
-- s-Online
-- Electronic Resource
Holdings
Withdrawn status Lost status Damaged status Not for loan Home library Current library Shelving location Date acquired Total checkouts Full call number Barcode Date last seen Price effective from Koha item type
        Liberty Liberty General stacks 22/03/2026   LPL-LOC-00006 LOC-LPL-00006 22/03/2026 22/03/2026 Books